00560nam a2200193Ia 4500003000900000008004100009040001300050040001300063041000800076100002100084245002400105260001200129260000900141300000800150490000600158942000700164999001300171952018200184IT-RoPAU120407s9999 xx 000 0 und d aIT-RoPAU cIT-RoPAU aita aNatalino Sapegno aRitratto di Manzoni aLaterza c1970 c cm v1 cBK c347d347 00102ddc406854_11900000000000071aPAULUSbPAULUSd2012-04-11l0o854.119r2012-04-11 00:00:00w2012-04-11yBKzInserito da: In data: n.d. fondo: Via A.Severo 56 Progr:31215